Cultural psychology

Salvato in:
Dettagli Bibliografici
Autore principale:  Heine, Steven J
Natura: Sách
Lingua:Undetermined
Pubblicazione:  W.W. Norton  2012
Soggetti:
Tags: Aggiungi Tag
Nessun Tag, puoi essere il primo ad aggiungerne! !
Thư viện lưu trữ: Trung tâm Thư viện - Trường Đại học Công nghiệp TP. Hồ Chí Minh
LEADER 00475nam a2200157Ia 4500
001 UIH_07107
008 231011s9999 xx 000 0 und d
082 |a  155.82 
100 |a  Heine, Steven J 
245 0 |a  Cultural psychology 
245 0 |c  Heine, Steven J 
260 |b  W.W. Norton 
260 |c  2012 
650 |a  Ethnopsychology; Tâm lý học;  
927 |a Sách 
980 |a Trung tâm Thư viện - Trường Đại học Công nghiệp TP. Hồ Chí Minh